Polarografía
| Main Authors: | , |
|---|---|
| Format: | Section = Libro |
| Language: | Undetermined Spanish |
| Published: |
Washington
OEA
1974
|
| Subjects: |
| LEADER | 00428nam a2200169Ia 4500 | ||
|---|---|---|---|
| 008 | 240830s9999 xx 000 0 und d | ||
| 040 | |a CEDOC FIQ-RUSB / 545.32 A795 | ||
| 041 | |a spa | ||
| 082 | |a 545.32 A795 | ||
| 100 | 1 | |a Arvía, Alejandro Jorge | |
| 100 | 1 | |b Bolzan, Jorge Alfredo | |
| 245 | 1 | 0 | |a Polarografía |
| 260 | |a Washington |b OEA |c 1974 | ||
| 650 | 7 | |a METODOS POLAROGRAFICOS | |
| 942 | |c BK |2 ddc | ||
| 991 | |a TEXTO | ||
| 999 | |c 13597 | ||